000 00501nam a2200157Ia 4500
008 100122s9999 xx 000 0 und d
082 _b76553
_a338.642
100 _aराऊळ वि ग
245 _aबचत गटातून कृषी उद्योजक
250 _a1
260 _c2007
300 _a116
630 _aबचत गटातून कृषी उद्योजक
730 _aबचत गटातून कृषी उद्योजक
942 _cBOOK
999 _c393212
_d393209